| 000 -LEADER |
| fixed length control field |
00296nam a2200109Ia 4500 |
| 008 - FIXED-LENGTH DATA ELEMENTS--GENERAL INFORMATION |
| fixed length control field |
201224s9999 xx 000 0 und d |
| 100 ## - MAIN ENTRY--PERSONAL NAME |
| Personal name |
Jones, Steve (Ed.) |
| 245 #4 - TITLE STATEMENT |
| Title |
The Cambridge Encyclopedia of Human Evolution |
| 260 ## - PUBLICATION, DISTRIBUTION, ETC. |
| Place of publication, distribution, etc. |
Melborne |
| Name of publisher, distributor, etc. |
Cambridge University Press |
| 300 ## - PHYSICAL DESCRIPTION |
| Extent |
506 |
| 942 ## - ADDED ENTRY ELEMENTS (KOHA) |
| Koha item type |
Books |